Elenca la formazione - Quiz n°274 - Statistics

Statistiche generali
  • Questo quiz è stato fatto 20 volte
  • Il punteggio medio è 6 su 11
Statistiche sulle risposte
Ruolo Club dell'epoca Calciatore % Corretto
Portiere Schalke 04 Manuel Neuer
95%
Attaccante Monaco Miroslav Klose
79%
Difensore Bayern Monaco Philipp Lahm
74%
Difensore Manchester City Jérôme Boateng
63%
Ala Colonia Lukas Podolski
63%
Centrocampista Monaco Bastian Schweinsteiger
58%
Trequartista Werder Brema Mesut Özil
53%
Centrocampista Stoccarda Sami Khedira
47%
Difensore Werder Brema Per Mertesacker
42%
Difensore Wolfsburg Arne Friedrich
21%
Ala Amburgo Piotr Trochowski
5%
Nessun quiz corrispondente trovato
Distribuzione punteggi
Percentuale di utenti per punteggio
Percentile per numero di risposta
I tuoi punteggi nel tempo
Non hai fatto questo quiz